| 000 | 01102cam a2200325 a 4500 | ||
|---|---|---|---|
| 003 | CHAP | ||
| 005 | 20220329142129.0 | ||
| 008 | 990830d1998 mx a r 00110 spa d | ||
| 010 | _a78911 | ||
| 011 | _a79883 | ||
| 020 | _a9701702344 | ||
| 035 | _a90300 | ||
| 040 | _cCHAP | ||
| 082 | 0 | 4 |
_a507.2 _bS35Y 1997 |
| 100 | 0 | 0 |
_aSalkind, Neil J. _9101743 |
| 245 | 1 | 0 |
_aMétodos de investigación _c/por Neil J. Slkind |
| 260 |
_aMéxico, D.F. : _bPrentice Hall, _c1998. |
||
| 300 |
_a380 p. : _bilus. ; gráfs. |
||
| 500 | _aTra. de : Exploring research 3 ed. de 1997. | ||
| 590 |
_aBATCH-UPD _b10 _c20130110 _lUCH01 _h0513 |
||
| 590 |
_aBATCH-UPD _b10 _c20130410 _lUCH01 _h0151 |
||
| 590 |
_aBATCH-UPD _b10 _c20130914 _lUCH01 _h1654 |
||
| 590 |
_aCONVERSION _b10 _c20130109 _lUCH01 _h1344 |
||
| 650 | 1 | 4 |
_aInvestigación _xMetodología. _960237 |
| 901 | _aBK | ||
| 905 | _aGuadalupe Pinto C. | ||
| 942 | _cLIBRO | ||
| 949 |
_a507.2 S35Y 1997 _bBC _cLIBRO _d33724000737805 _eLIBRO _gI. c/e _h96305 _i90300 _si |
||
| 949 |
_a507.2 S35Y 1997 _bBC _cLIBRO _d33724000976080 _eLIBRO _fc.2 _gI. c/e _h106527 _i90300 _si _t$160.00 |
||
| 999 |
_c78911 _d78911 |
||